000 01323cam a2200277 a 4500
001 15438856
005 20090413180002.0
008 080904s2009 vtuab 000 0 eng
010 _a 2008039209
020 _a9780123705471
040 _aDLC
_cDLC
_dDLC
050 0 0 _aTK9145
_b.M87 2009
082 0 0 _a621.48
_222
_bMUR
100 1 _aMurray, Raymond LeRoy,
_d1920-
_93898
245 1 0 _aNuclear energy :
_ban introduction to the concepts, systems, and applications of nuclear processes /
_cauthor, Raymond L. Murray.
250 _a6th ed.
260 _aBurlington, VT :
_bButterworth-Heinemann/Elsevier,
_c2009.
300 _axvi, 532 p. :
_bill., map ;
_c25 cm.
504 _aIncludes bibliographical refereneces and index
650 0 _aNuclear engineering.
_93899
650 0 _aNuclear energy.
_93900
942 _2ddc
_cBB
999 _c11342
_d11342